[Event "Montreal 6th"]
[Site "Montreal"]
[Date "2005.08.13"]
[Round "10"]
[White "Roussel Roozmon, Thomas"]
[Black "Mikhalevski, Victor"]
[Result "0-1"]
[WhiteElo "2439"]
[BlackElo "2572"]
[Annotator "Mikhalevski,V"]
[PlyCount "58"]
[EventDate "2005.08.03"]
[EventType "tourn"]
[EventRounds "11"]
[EventCountry "CAN"]
[EventCategory "12"]
[SourceTitle "CBM 109"]
[Source "ChessBase"]
[SourceDate "2005.11.14"]
[SourceVersion "1"]
[SourceVersionDate "2005.11.14"]
[SourceQuality "1"]

1. d4 Nf6 2. c4 g6 3. Nc3 d5 4. Bf4 {Thomas already played this variation
against Tyomkin last year and so I expected it.} Bg7 5. e3 c5 6. dxc5 Qa5 7.
Rc1 dxc4 8. Bxc4 O-O 9. Nf3 (9. Nge2 {is a modern way to treat the position
which usually leads to big complications. However having a very bad tournament
his intention to play safer is understandable.}) 9... Qxc5 10. Bb3 Nc6 11. O-O
Qa5 {This position was popular during the Kasparov-Karpov matches.} 12. Qe2 {
Another safe move. Usually the games in this variation end in a draw.} (12. h3
{preventing Bg4 leaves much more life in the position.}) 12... Nh5 13. Bg5 Bg4
14. Nd5 {I was happy to see this move on the board as finally White deviates
from the drawish line.} ({White could avoid any complications with} 14. Bh4 Qb4
15. Qc4 Qxc4 16. Bxc4 Bxf3 17. gxf3 Bf6 18. Bxf6 Nxf6 19. Nd5 Rfd8 20. Nxf6+
exf6 21. Rfd1 Rac8 22. Bd5 Kf8 23. Bxc6 Rxd1+ 24. Rxd1 Rxc6 25. Rd7 Rb6 26. b3
Ra6 {Jussupow,A-Leko,P/Essen 2002. and a draw was agreed; since this game the
line was considered as drawish.}) 14... e6 {Black's answer is virtually forced.
} 15. Ne7+ Kh8 $1 {Starting to sharpen the postion.} (15... Nxe7 {would lead
to a quiet position, exactly what Thomas desired to get.} 16. Bxe7 Rfe8 17. Bd6
{with a nominal edge for White.}) 16. Nxc6 Qxg5 {[%csl Re2] The point of the
previous move. Now Black obtained the advantage of the bishop's pair and at
least has a perspective.} 17. Ncd4 (17. Nxg5 $5 {deserved attention. For
example} Bxe2 18. Rfe1 Bxb2 19. Rc2 Bf6 $5 ({The only preceding game saw} 19...
Bb5 $5 20. Nxa7 Rxa7 21. Rxb2 Bc6 $11 {Heinig,W-Konopka,M/Germany 1997.}) (
19... Bd3 $2 {is dangerous.} 20. Rxb2 bxc6 21. Rd1 {Now the rook penetrates to
the 7th rank and Black starts to experience problems.} Ba6 22. Rd7 Kg8 23. Nxf7
$1 Rxf7 24. Bxe6 Raf8 25. Rxa7 $18 {with a decisive advantage for Black.}) 20.
Rexe2 Bxg5 21. Ne5 {preparing Rc7.} Bd8 22. Red2 (22. Nd7 Re8) 22... Nf6 23.
Nd7 Nxd7 24. Rxd7 b5 $11 {and the activity of the white rooks compensates a
pawn.}) 17... Bxd4 $1 {Black transforms the advantage of the bishop's pair
into a weak pawn on d4.} 18. exd4 {Up to this point White played very quickly,
while I spent a lot of time. However starting from my next move White take
more and more time, but his position is already slightly worse.} Qf4 $1 {
[%csl Rd4][%cal Gg4f3] Black prepares to create weaknesses on the kingside by
means of Bxf3.} ({There was a strong temptation to play} 18... Nf4 {but I saw
that after} 19. Qe3 Qf6 20. Ne5 $1 Ne2+ 21. Kh1 Nxc1 22. Rxc1 {My bishop is in
trouble.}) 19. Qe5+ ({The immediate} 19. Rc3 {[%cal Gc3f3] deserved attention.}
) 19... Kg8 $1 {The second time in this game the king moves from a check
leaving the pieces in tension.} 20. Rc3 ({It wasn't too late to maintain the
balance.} 20. Ng5 $1 {Moving the knight from the exchange was simplier.} Bf5
21. Nf3 ({or} 21. Qe3 Rad8) 21... Bg4 $11) 20... Rac8 $1 {Black strengthens
the pressure.} 21. g3 {[%csl Rf3]} ({And again} 21. Ng5 $5 {deserved attention.
} Bf5 22. Nf3 Rxc3 23. bxc3 Rc8 24. d5 {with chances to equalize.}) (21. Bd1
Rxc3 22. bxc3 Qxe5 23. dxe5 ({In case of} 23. Nxe5 {Black is slightly better
thanks to a better pawn structure.} Bxd1 24. Rxd1 Rc8 25. Rc1 Nf4 26. Kf1 b5
$15) 23... Nf4 (23... Rc8 $5 24. h3 Bxf3 25. Bxf3 Rxc3 $15) 24. h3 Bxf3 25.
Bxf3 Rc8 26. Bxb7 Rxc3 $15 {and activity of the black pieces promises better
chances.}) {[%tqu "En","","","","c8c3","I've prepared this sacrifice a few
moves earlier and so when we reached this position I hadn't hesitated for long
before playing",10,"f4f6","was also playable, but I didn't want to miss my
chance.",0]} 21... Rxc3 $1 {I've prepared this sacrifice a few moves earlier
and so when we reached this position I hadn't hesitated for long before
playing it.} (21... Qf6 {was also playable, but I didn't want to miss my
chance.}) 22. gxf4 Rxf3 {[%csl Rd4,Rf4,Rg1] Black already obtained a knight
and a rook for the sacrificed queen. Morover the f4-pawn is doomed. So Black
will keep an approximate material balance while the white king is getting
vulnerable.} 23. Bd1 ({Now there was a good chance to complicate the matters
with} 23. d5 Nxf4 24. Bd1 $5 {A clever intermediate move.} (24. d6 $5 {is also
interesting despite it leads to an endgame with an extra pawn for Black.} Ne2+
(24... Nh3+ {is sufficient only for a draw by repetition of moves.} 25. Kg2 (
25. Kh1 $2 Rf5 $1 $19 {with the idea of Bf3.}) 25... Nf4+ 26. Kg1 $11) 25. Kg2
$1 {Starting a brave march of the king to the centre.} (25. Qxe2 $6 Rg3+ 26.
hxg3 Bxe2 27. Re1 Bf3 28. Re3 Bc6 $15) 25... Rf5 26. Qe3 Bf3+ 27. Qxf3 Rxf3 28.
Kxf3 Nd4+ 29. Ke4 $44 {and Black shouldn't underestimate the d-pawn.}) 24...
Nh3+ 25. Kg2 Rf5 (25... Nf4+ {leads to repetition again.}) 26. Qc7 Nf4+ 27. Kg3
Bxd1 (27... Be2 $5) 28. Rxd1 Nxd5 29. Qxb7 a5 {and a position with mutual
chances arises while I believe that Black shouldn't be at least worse.}) 23...
Rxf4 24. Bxg4 $6 (24. d5 $5 {would transpose to 23.d5.}) 24... Rxg4+ 25. Kh1
Rd8 {[%csl Rd4]} (25... Rf4 $5 {[%csl Rf2][%cal Gf8d8] looks even more precise.
}) 26. Qc7 $2 {A serious positional mistake. White allows to connect the rooks,
which will lead to a direct attack on the White's monarch.} (26. Rd1 $1 {
was better though after} Rd5 27. Qb8+ Kg7 28. Qxb7 a5 $44 {[%csl Rd4,Rh1]
Black has serious compensation.}) (26. Rg1 $6 {Trying to exchange a pair of
rooks doesn't hit the goal as after the simple} Rh4 27. Rd1 Rd5 28. Qb8+ Kg7
29. Qxb7 Nf4 {[%csl Rh1,Rh2][%cal Gd5h5] with Rh5 in mind Black launches an
attack.} 30. Rd2 (30. f3 Ne2 $1 {[%cal Ge2d4]} 31. Rd2 Nxd4 $40) 30... Rg5 31.
f3 Nh3 32. Rg2 Rd5 33. Qxa7 Rhxd4 $40 {[%csl Rh1][%cal Gd4d1]}) 26... Rgxd4 27.
Qxb7 Nf4 $1 28. Qxa7 $2 {A decisive mistake.} ({After the correct} 28. Kg1 $1
R8d7 (28... a5 $5 {[%cal Gd8d5]}) 29. Qc6 Kg7 {White is still in the game
although Black's advantage is out of question.}) 28... Rd1 {[%csl Rh1]} 29. Qa6
({Two other options lead to an immediate mate.} 29. Rg1 Rxg1+ 30. Kxg1 Rd1#) (
29. Kg1 Rxf1+ 30. Kxf1 Rd1#) 29... R8d3 $1 $19 {White can't prevent mate
without giving up the queen and so he resigned.} (29... R8d3 $1 $19 30. Rg1 (
30. Kg1 Rxf1+ 31. Kxf1 Rd1#) 30... Rxg1+ 31. Kxg1 Rd1+ 32. Qf1 Rxf1+ $19) 0-1

[Event "WchT 7th"]
[Site "Bursa"]
[Date "2010.01.10"]
[Round "6.3"]
[White "Mamedyarov, Shakhriyar"]
[Black "Sutovsky, Emil"]
[Result "1/2-1/2"]
[WhiteElo "2741"]
[BlackElo "2657"]
[Annotator "Postny,E"]
[PlyCount "139"]
[EventDate "2010.01.05"]
[EventType "team-tourn"]
[EventRounds "9"]
[EventCountry "TUR"]
[SourceTitle "CBM 134"]
[Source "ChessBase"]
[SourceDate "2010.01.18"]
[SourceVersion "1"]
[SourceVersionDate "2010.01.18"]
[SourceQuality "1"]
[WhiteTeam "Azerbaijan"]
[BlackTeam "Israel"]
[WhiteTeamCountry "AZE"]
[BlackTeamCountry "ISR"]

1. d4 Nf6 2. c4 g6 3. Nc3 d5 4. Bf4 Bg7 5. e3 c5 6. dxc5 Qa5 7. Rc1 dxc4 8.
Bxc4 O-O 9. Nf3 Qxc5 10. Bb3 {This line is considered as relatively harmless
for Black. Still, he has to play precisely, as he loses a couple of tempoes by
the queen moves.} Nc6 11. O-O Qa5 12. h3 Bf5 13. Qe2 Ne4 {Black has to prevent
the advance e3-e4.} 14. g4 $5 {This is the latest fashion in this line.
Previously, 14.Nd5 appeared almost automatically. The current state of this
line is that Black equalises without many difficulties. Let's take a look at
the classic game from World championship match.} (14. Nd5 e5 15. Rxc6 (15. Bh2
Be6 16. Rfd1 Rfd8 17. Qc4 Nf6 18. e4 Rac8 {proved to be okay for Black as well.
}) 15... exf4 (15... bxc6 16. Ne7+ Kh8 17. Nxc6 Qb6 18. Ncxe5 Be6 19. Bxe6 Qxe6
$11) 16. Rc7 Be6 17. Qe1 $1 Qb5 18. Ne7+ Kh8 19. Bxe6 fxe6 20. Qb1 Ng5 21. Nh4
Nxh3+ 22. Kh2 Qh5 $2 (22... Nxf2 $1 23. Nhxg6+ hxg6 24. Nxg6+ Kg8 25. Rxf2 fxe3
26. Ne7+ Kh8 27. Ng6+ Kg8 $11) 23. Nexg6+ hxg6 24. Qxg6 $2 (24. Nxg6+ Kg8 25.
Ne7+ Kh8 26. Qg6 $1 $16) 24... Qe5 25. Rf7 Rxf7 26. Qxf7 Ng5 27. Ng6+ Kh7 28.
Nxe5 Nxf7 29. Nxf7 Kg6 $15 {1/2-1/2 Karpov,A (2705)-Kasparov,G (2740)/London/
Leningrad 1986/MainBase (41)}) 14... Nxc3 15. bxc3 Bd7 16. Rfd1 {White's pawn
structure is worse now, so he must play for the initiative.} Rad8 17. Rd5 Qa3 (
17... Qb6 $6 18. Rb1 Bc8 19. Rb5 $2 (19. Rg5 $1 {looks awkward, but in fact
Black's queen doesn't have a good square.} Be6 20. Qf1 Bxb3 21. Rxb3 Qa6 22.
Qxa6 bxa6 23. Rc5 Rc8 24. Rb7 $16) 19... Qa6 20. Bc4 Qa3 21. R5b3 Qc5 22. Rb5
Qa3 23. R5b3 Qc5 24. Rb5 {1/2-1/2 Kasimdzhanov,R (2672)-Svidler,P (2739)/
Donostia ESP 2009/The Week in Chess 766}) 18. Rcd1 Be6 19. Rxd8 Nxd8 20. Qb5 a6
$1 $146 {This is an improvement over the previously played 20...b6. Black
should not be afraid of allowing the white queen to penetrate to b6.} (20... b6
21. Be5 Bxb3 22. axb3 Ne6 23. Rd7 Rc8 24. Qb4 Qxb4 (24... Qa1+ 25. Kg2 Nc5 $2
26. Rxe7 Bf8 27. Rxf7 $3 Kxf7 28. Qc4+ Ke8 29. Ng5 Be7 30. Qf7+ Kd7 31. Nxh7
$18 {[%cal Gh7f6]}) 25. cxb4 Ng5 26. Nxg5 Bxe5 27. Rxa7 $14 {1/2-1/2 Fridman,D
(2661)-Lupulescu,C (2599)/Novi Sad SRB 2009/The Week in Chess 782 (122)}) 21.
Qb6 Bxb3 22. axb3 Ne6 23. c4 $6 (23. Be5 Qc5 24. Qxc5 Nxc5 25. Bxg7 Kxg7 26. b4
Ne4 27. Rd7 Nxc3 28. Rxe7 Rb8 29. Rd7 (29. Ng5 Kf6 30. Rc7 Kxg5 31. Rxc3 $11)
29... Kf6 30. Nd4 {would yield White a slight pressure in the endgame, but
unlikely sufficient for something real.}) 23... a5 $1 24. Qxb7 Nc5 $6 (24...
Qb2 $1 {[%cal Ga5a4] is a very nice idea which would force White to seek for
an equality. For instance:} 25. Qb5 Qe2 26. Qd5 Qc2 27. Qd3 Qxd3 28. Rxd3 Nc5
$15) 25. Qxe7 Qxb3 26. Rd5 Nd3 27. Bg3 $6 (27. Bd6 $1 Qc2 {[%csl Rf2]} (27...
Qxc4 28. Qb7 Qc2 29. Rxd3 Qxd3 30. Bxf8 Kxf8 31. Qa8+ Ke7 32. Qxa5 $16) 28.
Rxd3 Qxd3 29. Qc7 Qb1+ 30. Kg2 Qe4 31. Bxf8 Bxf8 32. Qxa5 Qxc4 33. Qa8 $16 {
In both cases the defensive task is difficult for Black. Except an extra pawn,
White's queen + knight duo is potentially dangerous.}) 27... a4 28. Rd8 h6 (
28... Qd1+ 29. Kh2 Qxf3 30. Rxd3 Bf6 31. Qb4 Be5 $1 32. Qd2 Bxg3+ 33. fxg3 Rc8
$11) 29. Ne5 {Nothing can stop the a-pawn, so White must create threats
against the black king right away. Objectively, he can achieve a draw at best.}
Qb1+ 30. Kg2 Ne1+ (30... Nxe5 31. Bxe5 Qe4+ 32. Kg1 (32. f3 $2 Qc2+ 33. Kg1
Rxd8 34. Qxd8+ Kh7 35. Bxg7 Kxg7 36. Qd4+ Kh7 37. Qa7 Qxc4 $19) 32... Rxd8 33.
Qxd8+ Kh7 34. Bd6 Qxc4 35. Ba3 Qb3 36. Qe7 {and White is the one that fights
for a draw, but I don't see how Black can remove the blockade of the a-pawn.})
31. Kh2 Rxd8 (31... Qe4 32. Qxf7+ (32. Rxf8+ $4 Kh7 $1 $19 {[%cal Re4g2]})
32... Kh7 33. Qd5 Qxd5 34. Rxd5 Bxe5 (34... Ra8 35. Nc6 a3 36. Nb4 a2 37. Nxa2
Rxa2 $11) 35. Bxe5 Rxf2+ 36. Kg1 Rc2 $11 {These and previous variations show
that Black is out of danger. However, on practice it's not easy at all to
calculate all these lines, especially in conditions of time-trouble.}) 32.
Qxd8+ Kh7 33. Qd5 a3 34. Nd7 a2 $6 (34... Qb2 35. Qxf7 Kh8 36. Qxg6 Qb7 37.
Qe8+ Kh7 38. e4 a2 39. Qf7 a1=Q 40. Nf8+ Kh8 41. Qxb7 Nf3+ 42. Kg2 Ne1+ $11)
35. Be5 $1 {Emil missed this move. Now he has to find a series of only moves
not to get mated.} Bxe5+ (35... a1=Q $4 36. Nf6+ Bxf6 37. Qxf7+ Kh8 38. Qxf6+ {
mating.}) 36. Nxe5 Qb8 $1 {The only move! Black must pin the knight.} (36...
a1=Q $2 37. Qxf7+ Kh8 38. Nxg6+ Qxg6 39. Qxg6 Qe5+ 40. Kh1 $18) 37. Qxf7+ Kh8
38. Qf6+ Kg8 39. Qxg6+ Kh8 40. Qxh6+ Kg8 41. Qg6+ Kh8 42. Qf6+ Kg8 43. f4 $1 {
The only chance to play for a win.} {[%tqu "En","How should Black continue?",
"","","b8b7","",10,"b8a7","",0]} Qb7 $1 (43... Qa7 $2 44. Ng6 a1=Q 45. Ne7+
Qxe7 46. Qxe7 Qb2+ 47. Kg3 Qg2+ 48. Kh4 Nf3+ 49. Kh5 Qxh3+ 50. Kg6 Qxg4+ 51.
Kf6 Qh4+ 52. Ke6 Qg4+ 53. Kd6 {with good winning chances.}) 44. Nc6 Nf3+ $1 {
It's necessary to cover the h4-square.} (44... Qg7 $4 45. Ne7+ Kh8 (45... Kh7
46. Qf5+ Kh8 47. Ng6+ Kg8 48. Qc8+ Kh7 (48... Kf7 49. Nh8+ $1 Ke7 50. Qc7+ Kf6
51. Qe5#) 49. Nf8+ Kg8 50. Ne6+ $18) 46. Qh4+ Qh7 47. Ng6+ Kg7 48. Qe7+ Kxg6
49. f5+ Kh6 50. Qf6+ Qg6 51. Qxg6#) 45. Kg3 Qg7 $8 46. Qe6+ Kh7 (46... Qf7 $4
47. Qc8+ Kg7 48. Qa6 $18 {[%csl Ra2]}) 47. Qf5+ Kh8 48. Qh5+ Kg8 49. Qd5+ Kh7
50. Qh5+ Kg8 51. Qe8+ Kh7 52. Ne7 {Mamedyarov is trying all the possible
chances to squeeze a win, but in vain.} a1=Q 53. Qh5+ Qh6 54. Qf7+ Qhg7 {
Not falling into a trap.} (54... Qag7 $4 55. Qf5+ Kh8 56. Qc8+ Kh7 57. Nf5 $18
{A fork on two queens, extremely rare in practice.}) 55. Qh5+ Qh6 56. Qf7+ Qhg7
57. Qf5+ Kh8 58. Qc8+ Kh7 59. Qf5+ Kh8 60. Qh5+ Qh7 61. Qe8+ Kg7 62. Nf5+ Kf6 (
62... Qxf5 63. gxf5 Qg1+ 64. Kxf3 Qf1+ 65. Ke4 Qxc4+ 66. Ke5 Qc5+ 67. Ke6 Qxe3+
68. Kd7 Qa7+ {with a perpetual check.}) 63. Qf8+ Ke6 ({It's never too late to
go astray.} 63... Kg6 $4 64. Ne7+ $18) 64. Qe8+ Kf6 65. Qc6+ Kf7 66. Qd7+ Kg6
67. Ne7+ Kg7 68. Nf5+ Kg6 69. Ne7+ Kg7 70. Nf5+ {Draw. An exciting game, well
played by both players!} 1/2-1/2

[Event "POL-chT 66th"]
[Site "Katowice"]
[Date "2010.09.08"]
[Round "5"]
[White "Leniart, Arkadiusz"]
[Black "Dragun, Kamil"]
[Result "1/2-1/2"]
[WhiteElo "2453"]
[BlackElo "2392"]
[Annotator "RR"]
[PlyCount "61"]
[EventDate "2010.09.04"]
[EventType "team-tourn"]
[EventRounds "9"]
[EventCountry "POL"]
[SourceTitle "EXT 2016"]
[Source "ChessBase"]
[SourceDate "2015.10.08"]
[SourceVersion "1"]
[SourceVersionDate "2015.10.08"]
[SourceQuality "1"]
[WhiteTeam "Wroclaw Polonia"]
[BlackTeam "Gorzow Wielkopolski"]
[WhiteTeamCountry "POL"]
[BlackTeamCountry "POL"]

1. d4 Nf6 2. Nf3 g6 3. c4 Bg7 4. Nc3 d5 5. Bf4 c6 6. e3 O-O 7. h3 Ne4 (7...
Nbd7) (7... Qa5) 8. Bd3 Nxc3 9. bxc3 b6 $146 (9... dxc4 10. Bxc4 Nd7 11. e4 Qa5
12. Bd2 c5 13. a4 Qc7 14. Rc1 b6 15. e5 e6 16. Ng5 Bb7 17. Qg4 Rae8 18. O-O a6
19. Qh4 h6 20. Ne4 Qd8 21. Qxd8 Rxd8 22. Nd6 Bc6 23. Bxa6 Bxa4 24. Ra1 Bc6 25.
Be3 Ra8 26. f4 Rfd8 27. g4 Bf8 28. Bb5 Bxb5 29. Nxb5 cxd4 30. cxd4 Ra5 31. Rab1
Rc8 32. Rf2 Rc4 33. f5 gxf5 34. gxf5 exf5 35. Kh2 Bb4 36. Rg2+ Kf8 37. Nd6 Bxd6
38. exd6 f4 39. Bxf4 {Gareev,T (2599)-Sedlak,N (2567) Las Vegas 2010 1-0}) 10.
O-O Ba6 11. Qe2 Nd7 12. Rac1 (12. a4 Re8 13. a5 $14) 12... e6 13. Rc2 Qe7 14.
cxd5 (14. Rfc1 Rac8 15. cxd5 Bxd3 16. Qxd3 cxd5 17. c4 dxc4 18. Rxc4 Rxc4 19.
Qxc4 $14) 14... Bxd3 15. Qxd3 cxd5 16. c4 dxc4 17. Qxc4 (17. Rxc4) 17... e5 $11
18. Bg5 Qe8 19. Qd5 {[%cal Gc2c7]} exd4 $1 20. exd4 Nf6 21. Bxf6 Bxf6 22. Rc6
Rd8 23. Qc4 Bxd4 24. Re1 Qd7 25. Rc7 Qd5 26. Nxd4 Qxd4 27. Qxd4 Rxd4 28. Rxa7
Rfd8 29. Rb7 Rd1 30. Kf1 Rxe1+ 31. Kxe1 1/2-1/2